000
00276nam a2200109 a 4500
005
20141022142009.0
008
120229s19uu xx 00 eng d
050
_a
DVD-ROM
_b
T71 2006
245
_a
Treatment of language disorders in children.
260
_c
2006.
942
_c
AVM
999
_c
276667
_d
276667